000
00300nam a2200121Ia 4500
008
240624s9999 xx 000 0 und d
041
_a
eng
082
_a
828 McC
100
_a
MCCORMACK MARK H
245
_a
WHAT THEY DONT TEACH YOU AT HARVARD BUSI
260
_a
London
_b
Profile Books
365
_c
RS
999
_c
30906
_d
30906